[Event "39th Greek Women's Championship"]
[Site "chess24.com"]
[Date "2017.03.12"]
[Round "2"]
[White "Kouvatsou, Maria"]
[Black "Tsolakidou, Stavroula"]
[Result "1/2-1/2"]
[Board "5"]
[WhiteElo "2071"]
[WhiteTitle "WGM"]
[WhiteCountry "GRE"]
[WhiteFideId "4203593"]
[WhiteEloChange "7"]
[BlackElo "2390"]
[BlackTitle "WGM"]
[BlackCountry "GRE"]
[BlackFideId "4264312"]
[BlackEloChange "-7"]

1. e4 {[%clk 1:30:58]} c5 {[%clk 1:30:54]} 2. Nf3 {[%clk 1:31:23]} d6 {[%clk
1:31:20]} 3. Bb5+ {[%clk 1:31:27]} Nd7 {[%clk 1:31:39]} 4. c3 {[%clk 1:31:37]}
Nf6 {[%clk 1:31:58]} 5. Qe2 {[%clk 1:31:47]} a6 {[%clk 1:32:19]} 6. Ba4 {[%clk
1:31:52]} g6 {[%clk 1:32:39]} 7. O-O {[%clk 1:31:34]} b5 {[%clk 1:32:53]} 8. Bc2
{[%clk 1:31:55]} Bg7 {[%clk 1:33:13]} 9. d4 {[%clk 1:31:50]} cxd4 {[%clk
1:33:29]} 10. cxd4 {[%clk 1:31:59]} Nb6 {[%clk 1:33:39]} 11. Be3 {[%clk 1:31:26]}
O-O {[%clk 1:29:10]} 12. Nbd2 {[%clk 1:31:25]} Bb7 {[%clk 1:18:03]} 13. b3 {[%clk
1:25:44]} Rc8 {[%clk 0:54:48]} 14. Bd3 {[%clk 1:21:25]} d5 {[%clk 0:40:37]} 15.
e5 {[%clk 1:15:00]} Ne4 {[%clk 0:39:40]} 16. Ng5 {[%clk 0:54:18]} Nxg5 {[%clk
0:26:10]} 17. Bxg5 {[%clk 0:54:40]} Bc6 {[%clk 0:24:01]} 18. f4 {[%clk 0:52:11]}
Nd7 {[%clk 0:11:13]} 19. Kh1 {[%clk 0:49:21]} Qb6 {[%clk 0:09:00]} 20. Nf3 {[%clk
0:45:59]} e6 {[%clk 0:08:48]} 21. Qe1 {[%clk 0:43:18]} b4 {[%clk 0:05:13]} 22.
Be7 {[%clk 0:42:42]} Rfe8 {[%clk 0:04:50]} 23. Qxb4 {[%clk 0:38:59]} Bb5 {[%clk
0:02:30]} 24. Bxb5 {[%clk 0:30:13]} Qxb5 {[%clk 0:02:01]} 25. Rfc1 {[%clk
0:29:55]} Bh6 {[%clk 0:01:38]} 26. Qxb5 {[%clk 0:26:39]} axb5 {[%clk 0:02:04]}
27. Rxc8 {[%clk 0:21:26]} Rxc8 {[%clk 0:02:31]} 28. a4 {[%clk 0:21:47]} bxa4
{[%clk 0:01:21]} 29. bxa4 {[%clk 0:22:10]} Nb8 {[%clk 0:00:44]} 30. g3 {[%clk
0:16:27]} Nc6 {[%clk 0:00:57]} 31. Bc5 {[%clk 0:16:07]} Na5 {[%clk 0:01:16]} 32.
Rb1 {[%clk 0:15:17]} Bf8 {[%clk 0:01:14]} 33. Rb5 {[%clk 0:14:11]} Ra8 {[%clk
0:01:35]} 34. Bb6 {[%clk 0:13:28]} Nc6 {[%clk 0:01:20]} 35. a5 {[%clk 0:13:05]}
Bb4 {[%clk 0:01:41]} 36. Kg2 {[%clk 0:07:32]} Bxa5 {[%clk 0:01:16]} 37. Bxa5
{[%clk 0:07:52]} Nxa5 {[%clk 0:01:33]} 38. g4 {[%clk 0:02:59]} Nc4 {[%clk
0:01:22]} 39. Rb3 {[%clk 0:03:16]} Ra2+ {[%clk 0:01:01]} 40. Kg3 {[%clk 0:32:59]}
Nd2 {[%clk 0:30:46]} 41. Nxd2 {[%clk 0:14:54]} Rxd2 {[%clk 0:31:10]} 42. Rb4
{[%clk 0:15:21]} Rd3+ {[%clk 0:31:33]} 43. Kf2 {[%clk 0:15:43]} Rd2+ {[%clk
0:16:26]} 44. Kg3 {[%clk 0:15:52]} Rd3+ {[%clk 0:15:55]} 45. Kf2 {[%clk 0:16:13]}
Rd2+ {[%clk 0:16:16]} 46. Kg3 {[%clk 0:15:12]} 1/2-1/2

[Event "39th Greek Women's Championship"]
[Site "chess24.com"]
[Date "2017.03.13"]
[Round "3"]
[White "Tsolakidou, Stavroula"]
[Black "Grapsa, Georgia"]
[Result "1-0"]
[Board "1"]
[WhiteElo "2390"]
[WhiteTitle "WGM"]
[WhiteCountry "GRE"]
[WhiteFideId "4264312"]
[WhiteEloChange "2"]
[BlackElo "2049"]
[BlackTitle "WFM"]
[BlackCountry "GRE"]
[BlackFideId "4206436"]
[BlackEloChange "-2"]

1. e4 {[%clk 1:30:57]} c5 {[%clk 1:30:24]} 2. Nf3 {[%clk 1:31:21]} d6 {[%clk
1:30:51]} 3. d4 {[%clk 1:31:44]} cxd4 {[%clk 1:31:17]} 4. Nxd4 {[%clk 1:32:10]}
Nf6 {[%clk 1:31:44]} 5. Nc3 {[%clk 1:32:33]} a6 {[%clk 1:32:09]} 6. h3 {[%clk
1:32:54]} e5 {[%clk 1:32:18]} 7. Nf3 {[%clk 1:32:50]} h6 {[%clk 1:32:08]} 8. Bc4
{[%clk 1:29:48]} Be7 {[%clk 1:31:20]} 9. O-O {[%clk 1:29:41]} O-O {[%clk
1:30:46]} 10. Be3 {[%clk 1:28:53]} Be6 {[%clk 1:29:57]} 11. Bb3 {[%clk 1:26:29]}
Nbd7 {[%clk 1:25:55]} 12. Nh4 {[%clk 1:06:21]} Kh7 {[%clk 1:15:25]} 13. Nf5
{[%clk 0:59:24]} Nxe4 {[%clk 1:06:50]} 14. Nxe4 {[%clk 0:42:05]} Bxf5 {[%clk
1:07:14]} 15. Nxd6 {[%clk 0:42:30]} Bxd6 {[%clk 1:06:50]} 16. Qxd6 {[%clk
0:42:53]} Qh4 {[%clk 1:02:35]} 17. Bd5 {[%clk 0:32:31]} Rad8 {[%clk 1:02:37]} 18.
Bxb7 {[%clk 0:28:12]} Rfe8 {[%clk 1:02:09]} 19. Qc7 {[%clk 0:26:25]} Re6 {[%clk
0:45:44]} 20. g3 {[%clk 0:24:16]} Rg6 {[%clk 0:44:41]} 21. Bg2 {[%clk 0:24:23]}
Qf6 {[%clk 0:25:36]} 22. Rfd1 {[%clk 0:24:15]} h5 {[%clk 0:25:19]} 23. h4 {[%clk
0:23:17]} Qe7 {[%clk 0:21:26]} 24. Rd2 {[%clk 0:22:16]} Re8 {[%clk 0:21:04]} 25.
Rad1 {[%clk 0:21:47]} Nf6 {[%clk 0:20:21]} 26. Qxe7 {[%clk 0:21:21]} Rxe7 {[%clk
0:20:48]} 27. c4 {[%clk 0:16:14]} Rc7 {[%clk 0:18:40]} 28. b3 {[%clk 0:13:32]}
Ng4 {[%clk 0:17:55]} 29. Re1 {[%clk 0:13:44]} a5 {[%clk 0:18:11]} 30. Rd5 {[%clk
0:11:45]} Ra6 {[%clk 0:16:18]} 31. Bd2 {[%clk 0:09:39]} a4 {[%clk 0:16:11]} 32.
f3 {[%clk 0:08:03]} Nf6 {[%clk 0:16:21]} 33. Rdxe5 {[%clk 0:08:17]} Bc2 {[%clk
0:16:19]} 34. Ba5 {[%clk 0:05:34]} Rc8 {[%clk 0:14:18]} 35. b4 {[%clk 0:05:21]}
Rd6 {[%clk 0:12:38]} 36. c5 {[%clk 0:04:50]} Rd4 {[%clk 0:12:26]} 37. Bh3 {[%clk
0:03:48]} 1-0

[Event "39th Greek Women's Championship"]
[Site "chess24.com"]
[Date "2017.03.13"]
[Round "3"]
[White "Serefidou, Despina"]
[Black "Kouvatsou, Maria"]
[Result "1-0"]
[Board "2"]
[WhiteElo "1933"]
[WhiteCountry "GRE"]
[WhiteFideId "4218787"]
[WhiteEloChange "14"]
[BlackElo "2071"]
[BlackTitle "WGM"]
[BlackCountry "GRE"]
[BlackFideId "4203593"]
[BlackEloChange "-14"]

1. e4 {[%clk 1:30:57]} e5 {[%clk 1:30:55]} 2. Nf3 {[%clk 1:31:22]} Nc6 {[%clk
1:31:07]} 3. Nc3 {[%clk 1:31:42]} g6 {[%clk 1:31:28]} 4. d4 {[%clk 1:31:35]} exd4
{[%clk 1:31:53]} 5. Nxd4 {[%clk 1:31:54]} Bg7 {[%clk 1:32:18]} 6. Be3 {[%clk
1:30:53]} Nf6 {[%clk 1:32:24]} 7. Be2 {[%clk 1:19:32]} O-O {[%clk 1:22:55]} 8.
Qd2 {[%clk 0:58:48]} Re8 {[%clk 1:22:50]} 9. Nxc6 {[%clk 0:58:06]} bxc6 {[%clk
1:21:56]} 10. Bg5 {[%clk 0:44:18]} Qe7 {[%clk 1:17:10]} 11. f3 {[%clk 0:39:42]}
Rb8 {[%clk 1:01:49]} 12. Rb1 {[%clk 0:36:21]} d5 {[%clk 1:01:29]} 13. O-O {[%clk
0:32:33]} Qb4 {[%clk 0:49:45]} 14. a3 {[%clk 0:29:28]} Qd6 {[%clk 0:47:24]} 15.
Bf4 {[%clk 0:17:01]} Qd7 {[%clk 0:31:55]} 16. Rfd1 {[%clk 0:09:47]} Bb7 {[%clk
0:28:24]} 17. Bf1 {[%clk 0:07:23]} Qe7 {[%clk 0:22:36]} 18. Re1 {[%clk 0:07:17]}
Qd8 {[%clk 0:20:53]} 19. Bg5 {[%clk 0:04:59]} dxe4 {[%clk 0:10:26]} 20. Qxd8
{[%clk 0:05:19]} Rbxd8 {[%clk 0:10:36]} 21. Nxe4 {[%clk 0:05:14]} Nxe4 {[%clk
0:10:50]} 22. Rxe4 {[%clk 0:04:36]} Rxe4 {[%clk 0:06:43]} 23. Bxd8 {[%clk
0:04:25]} Rd4 {[%clk 0:07:09]} 24. Bxc7 {[%clk 0:03:13]} Rd2 {[%clk 0:07:31]} 25.
Bd3 {[%clk 0:02:58]} Bd4+ {[%clk 0:07:55]} 26. Kh1 {[%clk 0:02:22]} c5 {[%clk
0:04:14]} 27. Bg3 {[%clk 0:00:55]} c4 {[%clk 0:03:26]} 28. Be1 {[%clk 0:00:55]}
Rxd3 {[%clk 0:03:34]} 29. cxd3 {[%clk 0:01:14]} cxd3 {[%clk 0:03:56]} 30. Rd1
{[%clk 0:00:38]} Ba6 {[%clk 0:04:21]} 31. Bd2 {[%clk 0:00:33]} Bxb2 {[%clk
0:04:24]} 32. a4 {[%clk 0:00:37]} Kg7 {[%clk 0:04:06]} 33. Kg1 {[%clk 0:00:46]}
Bd4+ {[%clk 0:02:47]} 34. Kf1 {[%clk 0:01:09]} Kf6 {[%clk 0:03:09]} 35. Ke1
{[%clk 0:00:36]} Ke5 {[%clk 0:03:06]} 36. Rc1 {[%clk 0:00:40]} Kd6 {[%clk
0:02:13]} 37. Bf4+ {[%clk 0:00:54]} Ke6 {[%clk 0:02:19]} 38. Kd2 {[%clk 0:00:36]}
Bb6 {[%clk 0:02:27]} 39. Bc7 {[%clk 0:00:42]} Bd4 {[%clk 0:02:13]} 40. Rc6+
{[%clk 0:30:58]} Kd7 {[%clk 0:32:38]} 41. Rxa6 {[%clk 0:30:59]} Kxc7 {[%clk
0:33:05]} 42. Kxd3 {[%clk 0:31:08]} Bb6 {[%clk 0:33:27]} 43. Kc4 {[%clk 0:31:06]}
Kb7 {[%clk 0:32:47]} 44. Kb5 {[%clk 0:31:30]} f6 {[%clk 0:33:10]} 45. a5 {[%clk
0:31:40]} Bd8 {[%clk 0:31:54]} 46. Re6 {[%clk 0:31:04]} h5 {[%clk 0:29:45]} 47.
a6+ {[%clk 0:31:12]} Kc7 {[%clk 0:29:53]} 48. Re8 {[%clk 0:30:14]} g5 {[%clk
0:28:20]} 49. Rh8 {[%clk 0:30:00]} 1-0

[Event "39th Greek Women's Championship"]
[Site "chess24.com"]
[Date "2017.03.13"]
[Round "3"]
[White "Makka, Evanthia"]
[Black "Stoumbou, Eleni"]
[Result "1-0"]
[Board "3"]
[WhiteElo "2073"]
[WhiteCountry "GRE"]
[WhiteFideId "4207513"]
[WhiteEloChange "4"]
[BlackElo "1843"]
[BlackCountry "GRE"]
[BlackFideId "4210174"]
[BlackEloChange "-4"]

1. Nf3 {[%clk 1:30:47]} d5 {[%clk 1:30:39]} 2. g3 {[%clk 1:31:04]} c6 {[%clk
1:30:36]} 3. Bg2 {[%clk 1:31:13]} Bf5 {[%clk 1:30:27]} 4. d3 {[%clk 1:30:06]} Nd7
{[%clk 1:27:03]} 5. O-O {[%clk 1:26:49]} Ngf6 {[%clk 1:21:34]} 6. Nbd2 {[%clk
1:26:26]} Qc7 {[%clk 1:19:58]} 7. Re1 {[%clk 1:15:22]} e5 {[%clk 1:04:28]} 8. e4
{[%clk 1:06:15]} dxe4 {[%clk 1:02:11]} 9. dxe4 {[%clk 1:06:37]} Bg4 {[%clk
0:55:11]} 10. h3 {[%clk 1:06:15]} Bxf3 {[%clk 0:55:18]} 11. Qxf3 {[%clk 1:03:51]}
Bc5 {[%clk 0:45:22]} 12. b3 {[%clk 1:00:17]} Qa5 {[%clk 0:33:00]} 13. c3 {[%clk
0:53:51]} Qc7 {[%clk 0:29:04]} 14. Nc4 {[%clk 0:48:11]} O-O {[%clk 0:25:54]} 15.
b4 {[%clk 0:43:58]} b5 {[%clk 0:24:44]} 16. Ne3 {[%clk 0:42:09]} Bxe3 {[%clk
0:18:54]} 17. Bxe3 {[%clk 0:42:33]} Nb6 {[%clk 0:18:37]} 18. Bf1 {[%clk 0:41:04]}
Rfd8 {[%clk 0:16:37]} 19. Rec1 {[%clk 0:38:36]} Qe7 {[%clk 0:12:52]} 20. a3
{[%clk 0:19:10]} Qe6 {[%clk 0:12:52]} 21. Bg5 {[%clk 0:19:01]} a6 {[%clk
0:07:16]} 22. h4 {[%clk 0:16:47]} Rd6 {[%clk 0:07:10]} 23. Bxf6 {[%clk 0:16:21]}
gxf6 {[%clk 0:07:07]} 24. Kh2 {[%clk 0:15:44]} Nc4 {[%clk 0:03:45]} 25. Bh3
{[%clk 0:15:55]} Nd2 {[%clk 0:03:56]} 26. Qh5 {[%clk 0:15:39]} Qc4 {[%clk
0:03:50]} 27. Bf5 {[%clk 0:13:18]} Kf8 {[%clk 0:04:09]} 28. Kg2 {[%clk 0:03:45]}
Rad8 {[%clk 0:04:23]} 29. Rc2 {[%clk 0:02:58]} Nxe4 {[%clk 0:04:25]} 30. Qxh7
{[%clk 0:03:07]} Nxc3 {[%clk 0:03:19]} 31. Rac1 {[%clk 0:03:09]} Qd5+ {[%clk
0:03:29]} 32. Kh2 {[%clk 0:02:38]} Nd1 {[%clk 0:03:24]} 33. Bg4 {[%clk 0:01:43]}
Qb3 {[%clk 0:02:45]} 34. Qh5 {[%clk 0:01:25]} Nb2 {[%clk 0:01:27]} 35. Rxc6
{[%clk 0:01:12]} Rxc6 {[%clk 0:00:57]} 36. Rxc6 {[%clk 0:01:33]} Kg7 {[%clk
0:01:00]} 37. Bf5 {[%clk 0:01:42]} Rh8 {[%clk 0:00:51]} 38. Qg4+ {[%clk 0:02:00]}
Kf8 {[%clk 0:00:49]} 39. Rc8+ {[%clk 0:32:23]} Ke7 {[%clk 0:31:14]} 40. Rxh8
{[%clk 0:32:40]} 1-0

[Event "39th Greek Women's Championship"]
[Site "chess24.com"]
[Date "2017.03.13"]
[Round "3"]
[White "Markantonaki, Haritomeni"]
[Black "Lemoni, Maria - Ioanna"]
[Result "1-0"]
[Board "4"]
[WhiteElo "2174"]
[WhiteTitle "WFM"]
[WhiteCountry "GRE"]
[WhiteFideId "4207050"]
[WhiteEloChange "2"]
[BlackElo "1633"]
[BlackCountry "GRE"]
[BlackFideId "4236424"]
[BlackEloChange "-2"]

1. e4 {[%clk 1:30:56]} c5 {[%clk 1:30:57]} 2. Nf3 {[%clk 1:31:18]} e6 {[%clk
1:31:23]} 3. d4 {[%clk 1:31:40]} cxd4 {[%clk 1:31:50]} 4. Nxd4 {[%clk 1:32:05]}
Nc6 {[%clk 1:32:14]} 5. Nb5 {[%clk 1:32:23]} d6 {[%clk 1:32:34]} 6. Bf4 {[%clk
1:32:42]} e5 {[%clk 1:32:50]} 7. Be3 {[%clk 1:33:07]} Nf6 {[%clk 1:31:39]} 8. Bg5
{[%clk 1:33:13]} a6 {[%clk 1:28:04]} 9. Bxf6 {[%clk 1:32:49]} gxf6 {[%clk
1:28:22]} 10. N5c3 {[%clk 1:33:02]} f5 {[%clk 1:26:03]} 11. Qh5 {[%clk 1:32:17]}
Nd4 {[%clk 1:19:38]} 12. Bc4 {[%clk 1:30:25]} Be6 {[%clk 1:02:14]} 13. Bxe6
{[%clk 1:23:06]} Nxe6 {[%clk 1:02:38]} 14. Nd5 {[%clk 1:18:41]} Rc8 {[%clk
0:39:48]} 15. Nbc3 {[%clk 1:15:17]} Ng7 {[%clk 0:38:38]} 16. Qh3 {[%clk 1:10:40]}
Qg5 {[%clk 0:37:47]} 17. O-O {[%clk 1:05:01]} Be7 {[%clk 0:33:12]} 18. f4 {[%clk
0:57:58]} Qg4 {[%clk 0:30:20]} 19. Qd3 {[%clk 0:54:50]} fxe4 {[%clk 0:26:07]} 20.
Nxe4 {[%clk 0:53:41]} Nh5 {[%clk 0:22:35]} 21. Nxe7 {[%clk 0:52:26]} Nxf4 {[%clk
0:22:52]} 22. Rxf4 {[%clk 0:50:33]} Qxf4 {[%clk 0:23:05]} 23. Nxc8 {[%clk
0:50:51]} 1-0

[Event "39th Greek Women's Championship"]
[Site "chess24.com"]
[Date "2017.03.13"]
[Round "3"]
[White "Pavlidou, Ekaterini"]
[Black "Makka, Ioulia"]
[Result "1-0"]
[Board "5"]
[WhiteElo "2166"]
[WhiteTitle "WIM"]
[WhiteCountry "GRE"]
[WhiteFideId "4213262"]
[WhiteEloChange "9"]
[BlackElo "2116"]
[BlackTitle "WIM"]
[BlackCountry "GRE"]
[BlackFideId "4205316"]
[BlackEloChange "-9"]

1. Nf3 {[%clk 1:30:41]} Nf6 {[%clk 1:29:58]} 2. g3 {[%clk 1:31:01]} d5 {[%clk
1:21:56]} 3. Bg2 {[%clk 1:31:15]} c6 {[%clk 1:21:45]} 4. c4 {[%clk 1:31:34]} dxc4
{[%clk 1:12:13]} 5. O-O {[%clk 1:31:29]} b5 {[%clk 1:08:53]} 6. a4 {[%clk
1:31:42]} Bb7 {[%clk 1:08:20]} 7. d3 {[%clk 1:31:38]} cxd3 {[%clk 1:07:20]} 8.
Ne5 {[%clk 1:31:09]} a6 {[%clk 0:56:12]} 9. Qb3 {[%clk 1:17:06]} e6 {[%clk
0:53:51]} 10. Nxd3 {[%clk 1:11:03]} Be7 {[%clk 0:44:20]} 11. Nc3 {[%clk 1:07:46]}
Nd5 {[%clk 0:31:48]} 12. e4 {[%clk 1:02:53]} Nc7 {[%clk 0:27:51]} 13. Rd1 {[%clk
1:01:50]} Qc8 {[%clk 0:27:38]} 14. Be3 {[%clk 1:00:40]} Nd7 {[%clk 0:26:55]} 15.
Rac1 {[%clk 0:59:41]} O-O {[%clk 0:23:48]} 16. Ne2 {[%clk 0:54:52]} Rd8 {[%clk
0:20:50]} 17. a5 {[%clk 0:52:27]} Ne8 {[%clk 0:18:35]} 18. e5 {[%clk 0:26:42]}
Qc7 {[%clk 0:18:02]} 19. Qc3 {[%clk 0:23:47]} c5 {[%clk 0:11:53]} 20. Bxb7 {[%clk
0:23:56]} Qxb7 {[%clk 0:12:14]} 21. Nxc5 {[%clk 0:22:55]} Nxc5 {[%clk 0:09:22]}
22. Rxd8 {[%clk 0:23:04]} Bxd8 {[%clk 0:06:26]} 23. Bxc5 {[%clk 0:22:50]} Nc7
{[%clk 0:06:38]} 24. b4 {[%clk 0:22:16]} Nd5 {[%clk 0:04:46]} 25. Qf3 {[%clk
0:22:15]} Bg5 {[%clk 0:04:08]} 26. Rd1 {[%clk 0:21:55]} Qc7 {[%clk 0:02:21]} 27.
Nc3 {[%clk 0:20:43]} h6 {[%clk 0:01:16]} 28. Nxd5 {[%clk 0:19:52]} exd5 {[%clk
0:01:41]} 29. Rxd5 {[%clk 0:19:47]} Re8 {[%clk 0:01:53]} 30. h4 {[%clk 0:19:21]}
Be7 {[%clk 0:02:00]} 31. Qd3 {[%clk 0:18:38]} Qc6 {[%clk 0:00:54]} 32. Bxe7
{[%clk 0:16:19]} Rxe7 {[%clk 0:01:22]} 33. Rc5 {[%clk 0:15:56]} Qb7 {[%clk
0:00:54]} 34. Qd5 {[%clk 0:07:04]} Qa7 {[%clk 0:00:50]} 35. Rc8+ {[%clk 0:06:57]}
Kh7 {[%clk 0:01:16]} 36. Qd3+ {[%clk 0:07:05]} g6 {[%clk 0:01:18]} 37. Qd8 {[%clk
0:07:19]} 1-0

[Event "39th Greek Women's Championship"]
[Site "chess24.com"]
[Date "2017.03.14"]
[Round "4"]
[White "Grapsa, Georgia"]
[Black "Makka, Ioulia"]
[Result "1-0"]
[Board "1"]
[WhiteElo "2049"]
[WhiteTitle "WFM"]
[WhiteCountry "GRE"]
[WhiteFideId "4206436"]
[WhiteEloChange "12"]
[BlackElo "2116"]
[BlackTitle "WIM"]
[BlackCountry "GRE"]
[BlackFideId "4205316"]
[BlackEloChange "-12"]

1. d4 {[%clk 1:30:57]} Nf6 {[%clk 1:30:52]} 2. c4 {[%clk 1:31:23]} e6 {[%clk
1:31:13]} 3. g3 {[%clk 1:31:48]} d5 {[%clk 1:31:10]} 4. Nf3 {[%clk 1:32:11]} dxc4
{[%clk 1:31:06]} 5. Bg2 {[%clk 1:32:36]} a6 {[%clk 1:31:03]} 6. O-O {[%clk
1:32:58]} Nc6 {[%clk 1:30:47]} 7. e3 {[%clk 1:32:57]} Rb8 {[%clk 1:29:43]} 8.
Nfd2 {[%clk 1:33:18]} Qd7 {[%clk 1:24:30]} 9. Nxc4 {[%clk 1:30:08]} b5 {[%clk
1:23:25]} 10. Ncd2 {[%clk 1:28:16]} Bb7 {[%clk 1:22:19]} 11. Nc3 {[%clk 1:27:12]}
Be7 {[%clk 1:06:09]} 12. Nb3 {[%clk 1:25:31]} O-O {[%clk 0:53:38]} 13. e4 {[%clk
1:21:11]} e5 {[%clk 0:37:52]} 14. d5 {[%clk 1:21:28]} Nd8 {[%clk 0:36:28]} 15. f4
{[%clk 1:17:11]} Bd6 {[%clk 0:31:53]} 16. fxe5 {[%clk 1:11:28]} Bxe5 {[%clk
0:32:14]} 17. Nc5 {[%clk 1:05:11]} Qe7 {[%clk 0:31:16]} 18. Be3 {[%clk 1:04:40]}
Bc8 {[%clk 0:30:16]} 19. Nd3 {[%clk 0:54:28]} Ng4 {[%clk 0:29:22]} 20. Bc5 {[%clk
0:53:30]} Bd6 {[%clk 0:29:08]} 21. Bxd6 {[%clk 0:45:56]} cxd6 {[%clk 0:28:19]}
22. Qd2 {[%clk 0:42:46]} Qa7+ {[%clk 0:26:22]} 23. Kh1 {[%clk 0:43:11]} Qe3
{[%clk 0:18:17]} 24. Qc2 {[%clk 0:42:32]} Qh6 {[%clk 0:17:22]} 25. Bf3 {[%clk
0:42:07]} Ne3 {[%clk 0:17:03]} 26. Qe2 {[%clk 0:42:19]} Nxf1 {[%clk 0:17:17]} 27.
Rxf1 {[%clk 0:42:46]} f6 {[%clk 0:12:51]} 28. Nf4 {[%clk 0:41:57]} Nf7 {[%clk
0:11:59]} 29. Bg4 {[%clk 0:41:34]} Ne5 {[%clk 0:11:51]} 30. Be6+ {[%clk 0:40:44]}
Kh8 {[%clk 0:09:52]} 31. Nd1 {[%clk 0:40:51]} Bxe6 {[%clk 0:06:33]} 32. dxe6
{[%clk 0:41:09]} Qg5 {[%clk 0:02:07]} 33. Ne3 {[%clk 0:40:08]} g6 {[%clk
0:01:10]} 34. e7 {[%clk 0:30:45]} Rfe8 {[%clk 0:00:44]} 35. Ne6 {[%clk 0:30:38]}
Qh6 {[%clk 0:00:47]} 36. Nd5 {[%clk 0:29:00]} f5 {[%clk 0:00:45]} 37. Nec7 {[%clk
0:28:13]} Rbc8 {[%clk 0:00:35]} 38. Nxe8 {[%clk 0:28:06]} Rxe8 {[%clk 0:00:48]}
39. exf5 {[%clk 0:28:13]} gxf5 {[%clk 0:01:01]} 40. Rxf5 {[%clk 0:57:03]} Qc1+
{[%clk 0:30:56]} 41. Kg2 {[%clk 0:41:54]} Qc6 {[%clk 0:29:44]} 42. Rxe5 {[%clk
0:41:03]} dxe5 {[%clk 0:29:18]} 43. Qxe5+ {[%clk 0:41:30]} Kg8 {[%clk 0:29:31]}
44. Qg5+ {[%clk 0:37:53]} Kh8 {[%clk 0:29:25]} 45. Qe5+ {[%clk 0:36:13]} Kg8
{[%clk 0:29:49]} 46. Qe4 {[%clk 0:35:58]} Kf7 {[%clk 0:23:19]} 47. Qf5+ {[%clk
0:33:57]} Kg7 {[%clk 0:22:37]} 48. Kh3 {[%clk 0:29:10]} Qh6+ {[%clk 0:21:02]} 49.
Kg4 {[%clk 0:29:32]} Qg6+ {[%clk 0:20:12]} 50. Kf4 {[%clk 0:29:44]} Qh6+ {[%clk
0:11:31]} 51. Ke5 {[%clk 0:28:40]} Qxh2 {[%clk 0:07:57]} 52. Qf6+ {[%clk
0:28:27]} Kg8 {[%clk 0:08:22]} 53. Ke6 {[%clk 0:28:31]} Qh3+ {[%clk 0:07:45]} 54.
Kd6 {[%clk 0:25:48]} Qxg3+ {[%clk 0:06:37]} 55. Kd7 {[%clk 0:26:14]} Qb8 {[%clk
0:05:38]} 56. Nc7 {[%clk 0:25:41]} Qc8+ {[%clk 0:03:15]} 57. Kd6 {[%clk 0:22:59]}
Qb8 {[%clk 0:03:30]} 58. Qe6+ {[%clk 0:20:49]} Kg7 {[%clk 0:03:36]} 59. Qe5+
{[%clk 0:17:31]} Kg8 {[%clk 0:02:44]} 60. Ke6 {[%clk 0:17:26]} Qc8+ {[%clk
0:00:39]} 61. Kf6 {[%clk 0:17:23]} Qg4 {[%clk 0:00:48]} 62. Qd5+ {[%clk 0:15:40]}
Kh8 {[%clk 0:01:12]} 63. Nxe8 {[%clk 0:16:05]} Qg6+ {[%clk 0:00:37]} 64. Ke5
{[%clk 0:16:28]} Qh5+ {[%clk 0:00:38]} 65. Ke6 {[%clk 0:16:38]} Qg4+ {[%clk
0:00:41]} 66. Kd6 {[%clk 0:16:13]} Qg6+ {[%clk 0:00:38]} 67. Kd7 {[%clk 0:16:22]}
Qg4+ {[%clk 0:00:34]} 68. Kd8 {[%clk 0:16:45]} 1-0

[Event "39th Greek Women's Championship"]
[Site "chess24.com"]
[Date "2017.03.14"]
[Round "4"]
[White "Lemoni, Maria - Ioanna"]
[Black "Pavlidou, Ekaterini"]
[Result "1/2-1/2"]
[Board "2"]
[WhiteElo "1633"]
[WhiteCountry "GRE"]
[WhiteFideId "4236424"]
[WhiteEloChange "8"]
[BlackElo "2166"]
[BlackTitle "WIM"]
[BlackCountry "GRE"]
[BlackFideId "4213262"]
[BlackEloChange "-8"]

1. c4 {[%clk 1:30:57]} g6 {[%clk 1:30:19]} 2. Nc3 {[%clk 1:31:06]} Bg7 {[%clk
1:30:08]} 3. g3 {[%clk 1:30:48]} c5 {[%clk 1:29:58]} 4. Bg2 {[%clk 1:30:44]} Nc6
{[%clk 1:30:03]} 5. e4 {[%clk 1:30:11]} d6 {[%clk 1:29:09]} 6. Nge2 {[%clk
1:29:57]} e6 {[%clk 1:23:12]} 7. O-O {[%clk 1:28:05]} Nge7 {[%clk 1:23:24]} 8. d3
{[%clk 1:27:16]} O-O {[%clk 1:23:26]} 9. a3 {[%clk 1:20:44]} Nd4 {[%clk 1:22:22]}
10. Rb1 {[%clk 1:13:28]} a6 {[%clk 1:12:54]} 11. b4 {[%clk 1:08:25]} Nec6 {[%clk
1:10:01]} 12. Nxd4 {[%clk 1:03:37]} cxd4 {[%clk 1:07:28]} 13. Ne2 {[%clk
1:04:01]} e5 {[%clk 1:03:26]} 14. f4 {[%clk 0:59:35]} f5 {[%clk 0:59:58]} 15. a4
{[%clk 0:53:07]} Qe7 {[%clk 0:53:09]} 16. Bd2 {[%clk 0:47:37]} Kh8 {[%clk
0:48:56]} 17. b5 {[%clk 0:43:40]} Nd8 {[%clk 0:47:19]} 18. fxe5 {[%clk 0:42:23]}
fxe4 {[%clk 0:26:46]} 19. exd6 {[%clk 0:39:21]} Rxf1+ {[%clk 0:23:43]} 20. Qxf1
{[%clk 0:38:32]} Qxd6 {[%clk 0:24:05]} 21. Bxe4 {[%clk 0:38:47]} axb5 {[%clk
0:19:28]} 22. axb5 {[%clk 0:39:08]} Be6 {[%clk 0:13:30]} 23. Nf4 {[%clk 0:34:59]}
Ra2 {[%clk 0:11:55]} 24. Bb4 {[%clk 0:32:29]} Qd7 {[%clk 0:12:02]} 25. Ra1 {[%clk
0:26:26]} Rxa1 {[%clk 0:11:49]} 26. Qxa1 {[%clk 0:26:50]} Bf6 {[%clk 0:10:14]}
27. Qa8 {[%clk 0:26:32]} Qc8 {[%clk 0:08:38]} 28. Qxc8 {[%clk 0:25:45]} Bxc8
{[%clk 0:09:06]} 29. Nd5 {[%clk 0:26:01]} Kg7 {[%clk 0:08:56]} 30. Bc5 {[%clk
0:22:21]} Ne6 {[%clk 0:07:49]} 31. Ba7 {[%clk 0:22:43]} Bd8 {[%clk 0:06:17]} 32.
Bb6 {[%clk 0:22:40]} Bf6 {[%clk 0:06:01]} 33. Bg2 {[%clk 0:20:44]} Kf7 {[%clk
0:04:56]} 34. Bh3 {[%clk 0:20:16]} Be5 {[%clk 0:05:11]} 35. Ba7 {[%clk 0:16:43]}
Bd7 {[%clk 0:05:09]} 36. Bg2 {[%clk 0:16:19]} Nd8 {[%clk 0:04:46]} 37. Nb4 {[%clk
0:15:56]} Bf5 {[%clk 0:01:25]} 38. Kf1 {[%clk 0:11:34]} Bc7 {[%clk 0:01:02]} 39.
Bxd4 {[%clk 0:11:48]} Ba5 {[%clk 0:00:50]} 40. Bd5+ {[%clk 0:41:26]} Ke8 {[%clk
0:30:54]} 41. Na2 {[%clk 0:36:49]} Bxd3+ {[%clk 0:30:44]} 42. Kf2 {[%clk
0:37:06]} Kd7 {[%clk 0:28:50]} 43. g4 {[%clk 0:32:47]} Bc7 {[%clk 0:19:27]} 44.
Nb4 {[%clk 0:32:42]} Bb1 {[%clk 0:19:01]} 45. h3 {[%clk 0:30:14]} Ba5 {[%clk
0:18:46]} 46. Bc3 {[%clk 0:30:11]} Kd6 {[%clk 0:17:54]} 47. Ke2 {[%clk 0:29:40]}
h5 {[%clk 0:16:17]} 48. Kd2 {[%clk 0:29:49]} h4 {[%clk 0:14:27]} 49. Kc1 {[%clk
0:29:46]} Bd3 {[%clk 0:13:42]} 50. c5+ {[%clk 0:28:24]} Kd7 {[%clk 0:08:21]} 51.
Nxd3 {[%clk 0:28:44]} Bxc3 {[%clk 0:08:44]} 52. g5 {[%clk 0:28:46]} Bd4 {[%clk
0:08:08]} 53. Kd2 {[%clk 0:27:49]} Ne6 {[%clk 0:07:47]} 54. Bxb7 {[%clk 0:26:41]}
Nxc5 {[%clk 0:06:19]} 55. Nxc5+ {[%clk 0:26:57]} Bxc5 {[%clk 0:06:44]} 56. Be4
{[%clk 0:26:26]} Be7 {[%clk 0:07:02]} 57. Bxg6 {[%clk 0:25:37]} Bxg5+ {[%clk
0:07:19]} 1/2-1/2